Statistics for Country by their own name

Click here to take the quiz!

General Stats

  • This quiz has been taken 31 times
    (13 since last reset)
  • The average score is 13 of 15

Answer Stats

Own nameEnglish name% Correct
中國China
100%
ItaliaItaly
100%
日本Japan
100%
PolskaPoland
100%
EspañaSpain
100%
NederlandThe Netherlands
100%
Begië/Belgique/BelgienBelgium
91%
DeutschlandGermany
91%
한국Korea
91%
РоссияRussia
91%
SverigeSweden
82%
SuomiFinland
73%
HrvatskaCroatia
64%
ΕλλάδαGreece
55%
ಕನ್ನಡIndia
55%

Score Distribution

Percentile by Number Answered

Percent of People with Each Score

Your Score History

You have not taken this quiz since the last reset